Suivez-vous attentivement les JO ? Médailles du 3 août - Statistiques

Statistiques générales
  • Ce quiz a été pris 13 fois
  • Le résultat moyen est 59 sur 82
Statistiques - réponses
Sport Discipline Pays France % Correct
Cyclisme 3 août Or H - Sur route course en ligne Belgique
100%
Cyclisme 3 août Argent H - Sur route course en ligne France
100%
Cyclisme 3 août Bronze H - Sur route course en ligne France
100%
Judo 3 août Or Mixte par équipes France
100%
Tir à l'arc 3 août Bronze F - Individuel France
100%
Natation 3 août Argent F - 800 M nage libre Australie
91%
Natation 3 août Bronze Mixte - 4x100 M 4 nages Australie
91%
Natation 3 août Argent Mixte - 4x100 M 4 nages Chine
91%
Tennis 3 août Or F - Simple Chine Pas de Françaises qualifiées
91%
Judo 3 août Bronze Mixte par équipes Corée-du-Sud
91%
Tir à l'arc 3 août Or F - Individuel Corée-du-Sud
91%
Athlétisme 3 août Or H - Lancer du poids Etats-Unis France Non qualifiée
91%
Athlétisme 3 août Argent F - 100 M Etats-Unis
91%
Athlétisme 3 août Bronze F - 100 M Etats-Unis
91%
Athlétisme 3 août Argent Mixte - 4X400 M Etats-Unis
91%
Natation 3 août Or F - 800 M nage libre Etats-Unis France 7e
91%
Natation 3 août Or Mixte - 4x100 M 4 nages Etats-Unis France 4e
91%
Tir 3 août Argent F - Pistolet 25 m France
91%
Judo 3 août Argent Mixte par équipes Japon
91%
Athlétisme 3 août Or H - Décathlon Norvège France 12e
91%
Athlétisme 3 août Or Mixte - 4X400 M Pays-Bas France disqualifiée
91%
Athlétisme 3 août Bronze Mixte - 4X400 M Royaume-Uni
91%
Athlétisme 3 août Argent H - Décathlon Allemagne
82%
Aviron 3 août Or H - Skiff Allemagne France Non qualifiée
82%
Equitation 3 août Or Dressage par équipe Allemagne France 6e
82%
Natation 3 août Bronze F - 200 M 4 nages Australie
82%
Natation 3 août Argent H - 100 M papillon Canada
82%
Badminton 3 août Or F - Double Chine Pas de Français en finale
82%
Tir 3 août Or F - Pistolet 25 m Corée-du-Sud
82%
Tir à l'arc 3 août Argent F - Individuel Corée-du-Sud
82%
Athlétisme 3 août Argent H - Lancer du poids Etats-Unis
82%
Gymnastique artistique 3 août Or F - Saut de cheval Etats-Unis France 11e
82%
Natation 3 août Bronze F - 800 M nage libre Etats-Unis
82%
Natation 3 août Argent F - 200 M 4 nages Etats-Unis
82%
Tennis 3 août Argent H - Double Etats-Unis
82%
Natation 3 août Or H - 100 M papillon Hongrie France 5e
82%
Aviron 3 août Bronze H - Skiff Pays-Bas
82%
Tennis 3 août Bronze F - Simple Pologne
82%
Athlétisme 3 août Or F - 100 M Sainte-Lucie France Non qualifiée
82%
Tennis 3 août Or H - Double Australie Pas de Français qualifiés
73%
Voile 3 août Argent H - IQFoil Australie
73%
Natation 3 août Or F - 200 M 4 nages Canada France 1/2 finale
73%
Badminton 3 août Argent F - Double Chine
73%
Escrime 3 août Argent F - Sabre par équipes Corée-du-Sud
73%
Athlétisme 3 août Bronze F - Triple saut Etats-Unis
73%
Gymnastique artistique 3 août Bronze H - Cheval d'arçon Etats-Unis
73%
Tennis 3 août Bronze H - Double Etats-Unis
73%
Escrime 3 août Bronze F - Sabre par équipes Japon
73%
Aviron 3 août Argent H - Huit Pays-Bas
73%
Aviron 3 août Or F - Skiff Pays-Bas France Non qualifiée
73%
Voile 3 août Bronze H - IQFoil Pays-BAS
73%
Aviron 3 août Or H - Huit Royaume-Uni France Non qualifiée
73%
Aviron 3 août Bronze F - Huit Royaume-Uni
73%
Equitation 3 août Bronze Dressage par équipe Royaume-Uni
73%
Voile 3 août Bronze F - IQFoil Royaume-Uni
73%
Gymnastique artistique 3 août Argent F - Saut de cheval Brésil
64%
Judo 3 août Bronze Mixte par équipes Brésil
64%
Aviron 3 août Argent F - Huit Canada
64%
Natation 3 août Bronze H - 100 M papillon Canada
64%
Aviron 3 août Bronze H - Huit Etats-Unis
64%
Gymnastique artistique 3 août Bronze F - Saut de cheval Etats-Unis
64%
Tir 3 août Bronze F - Pistolet 25 m Hongrie
64%
Athlétisme 3 août Bronze H - Lancer du poids Jamaïque
64%
Badminton 3 août Bronze F - Double Japon
64%
Aviron 3 août Argent F - Skiff Nouvelle-Zélande
64%
Gymnastique artistique 3 août Bronze H - Sol Royaume-Uni
64%
Tennis 3 août Argent F - Simple Croatie
55%
Athlétisme 3 août Or F - Triple saut Dominique France 12e
55%
Gymnastique artistique 3 août Or H - Cheval d'arçon Irlande France Non qualifiée
55%
Voile 3 août Or F - IQFoil Italie Pas de Françaises en finale
55%
Athlétisme 3 août Argent F - Triple saut Jamaïque
55%
Equitation 3 août Argent Dressage par équipe Danemark
45%
Athlétisme 3 août Bronze H - Décathlon Grenade
36%
Gymnastique artistique 3 août Argent H - Cheval d'arçon Kazakhstan
36%
Aviron 3 août Or F - Huit Roumanie France Non qualifiée
36%
Gymnastique artistique 3 août Argent H - Sol Israël
27%
Voile 3 août Argent F - IQFoil Israël
27%
Voile 3 août Or H - IQFoil Israël Pas de Français en finale
27%
Aviron 3 août Bronze F - Skiff Lituanie
27%
Escrime 3 août Or F - Sabre par équipes Ukraine France 4e
27%
Aviron 3 août Argent H - Skiff Neutres
9%
Gymnastique artistique 3 août Or H - Sol Philippines France Non qualifiée
9%
Aucun quiz correspondant
Distribution des résultats
% des personnes avec chaque résultat
Percentile par nombre de réponses
Votre historique - résultats
Vous n’avez pas pris ce quiz